000 00306nam a22001337a 4500
008 180312b xxu||||| |||| 00| 0 eng d
020 _a9780471105596
041 _aeng
080 _25th
_a53
100 _a43
101 _aFIZ
245 _aFundamentals of physics extended
_cHalliday,D
942 _2udc
_cBK
999 _c44777
_d44777